000 00394nam a22001577a 4500
003 MACL
005 20151120152225.0
008 151120b xxu||||| |||| 00| 0 eng d
040 _cMACL
041 _aEnglish
082 _a720
100 _aPadhi,Braja Kishor
_917632
245 _aTemples in Classical Art and Architecture of Eastern India
650 _aArchitecture
_9259
942 _2ddc
_cBK
999 _c50755
_d50755